| 000 | 00693nam a22002297a 4500 | ||
|---|---|---|---|
| 999 |
_c3683 _d3683 |
||
| 001 | 3683 | ||
| 003 | BD-JhCC | ||
| 005 | 20171116170147.0 | ||
| 008 | 171116b2015 bg |||| ||a| 000 0 ben d | ||
| 020 | _a9788129516411 | ||
| 035 | _a(BD-JhCC)3683 | ||
| 040 |
_aBD-JhCC _dBD-JhCC |
||
| 041 | _aben | ||
| 082 |
_a891.4415 _bMIT 2015 |
||
| 100 | _a মিত্র, প্রেমেন্দ্র | ||
| 245 |
_aসাগর থেকে ফেরা / _cপ্রেমেন্দ্র মিত্র |
||
| 260 |
_aকলকাতা : _bদেজ পাবলিশিং, _c২০১৬. |
||
| 300 |
_a47 p. : _c21 cm. |
||
| 650 | _aBengali Poems | ||
| 942 |
_2ddc _cBK |
||